书目信息 |
| 书名: | Health policy reform in America | |
| 作者: | Howard M. Leichter, editor. | |
| 分册号: | ||
| 分册名: | 出版地: | Armonk, N.Y. : |
|
| 出版社: | M.E. Sharpe | |
| 出版时间: | c1992. | |
| 页数: | xvi, 220 p. ; | |
| 开本: | 24 cm. | |
| 丛书名: | ||
| 中图分类号: | ||
| 科图分类号: | ||
| 其他分类号: | R-017 | |
| 主题词: | ||
| 电子资源: | ||
| 000 | 01221cam a2200325 a 450 | |
| 001 | E0730060947 | |
| 005 | 20070505082528.46 | |
| 008 | 920612s1992 nyu b 001 0 eng | |
| 010 | @a92022293 | |
| 020 | @a156324053X (alk. paper). | |
| 020 | @a1563240548 (pbk.). | |
| 035 | @A(DLC) 92022293 | |
| 040 | @aDLC@cDLC@dDLC | |
| 043 | @an-us--- | |
| 050 | 00 | @aRA395.A3@bH42564 1992 |
| 082 | 00 | @a362.1/0973@2 20 |
| 090 | @aR-017 | |
| 099 | @dR-017@ex34 | |
| 245 | 00 | @aHealth policy reform in America :@binnovations from the States / @cHoward M. Leichter, editor. |
| 260 | @aArmonk, N.Y. :@bM.E. Sharpe,@cc1992. | |
| 300 | @axvi, 220 p. ;@c24 cm. | |
| 504 | @aIncludes bibliographical references (p. 206-215) and index. | |
| 650 | 0 | @aHealth care reform@zUnited States. |
| 650 | 0 | @aMedical policy@zUnited States@xStates. |
| 650 | 0 | @aMedical policy@zUnited States. |
| 650 | 0 | @aHealth care reform@zUnited States@xStates. |
| 700 | 1 | @aLeichter, Howard M. |
| 906 | @a7@bcbc@corignew@d1@eocip@f19@gy-gencatlg | |
| 955 | @apc17 to ja00 06-16-92; jc07/jc09; jc02 06-23-92; jc03 06-24-92; aa07 06-24-92; CIP ver. jf05 11/03/92 | |
| 991 | @bc-GenColl@hRA395.A3@iH42564 1992@p00001973290@tCopy 1@wBOOKS | |
| Health policy reform in America : : innovations from the States / / Howard M. Leichter, editor.-Armonk, N.Y. : : M.E. Sharpe, , c1992. |
| xvi, 220 p. ; ; 24 cm. |
| Includes bibliographical references (p. 206-215) and index. |
| ISBN 156324053X (alk. paper). |
| ● |
| 相关链接 |
|
|
|
|
正题名:Health policy reform in America
索取号:R-017/x34
 
预约/预借
| 序号 | 登录号 | 条形码 | 馆藏地/架位号 | 状态 | 备注 |
| 1 | 0006224 | 300062241 | 第四借阅区/ [索取号:R-017/x34] | 在馆 | |
| 2 | 6223 | 300062232 | 第二样本阅览室/ [索取号:R-017/x34] | 在馆 |